Catalog

Record Details

Catalog Search



Available copies

  • 1 of 1 copy available at LARL/NWRL Consortium.

Current holds

0 current holds with 1 total copy.

Show Only Available Copies
Location Call Number / Copy Notes Barcode Shelving Location Status Due Date
Godel Memorial-Warren Library 658.1522 MCK (Text) 35500005832280 Main Available -

Record details

  • ISBN: 9781413323191 (pbk.)
  • ISBN: 1413323197 (pbk.)
  • Physical Description: 331 pages ; 23 cm
  • Edition: Thirteenth edition.
  • Publisher: Berkeley, CA : Nolo, 2017.

Content descriptions

General Note:
Includes index.
Bibliography, etc. Note:
Includes bibliographical references and index.
Formatted Contents Note:
Why and how to write a business plan -- Do you ... Read More
Summary, etc.:
"You need a sound business plan to start a ... Read More
McKeever presents the detailed forms and ... Read More
Subject: Business planning.
New business enterprises > Planning.
New business enterprises > Finance.
Small business > Planning.
Small business > Finance.
Business planning.
New business enterprises > Finance.
New business enterprises > Planning.
Small business > Finance.
Small business > Planning.
Small business > Planning.
Business planning.
New business enterprises > Planning.
New business enterprises > Finance.
Small business > Planning.
Small business > Finance.
LDR 03402cam a2200589 i 4500
001222217
003LARL_NWRL_CONSORTIUM
00520170216092939.0
008160818s2017 cau 001 0 eng
020 . ‡a9781413323191 (pbk.)
020 . ‡a1413323197 (pbk.)
035 . ‡a(OCoLC)954271478
042 . ‡apcc
08200. ‡a658.15/224 ‡223
1001 . ‡aMcKeever, Mike P., ‡eauthor. ‡0(LARL_NWRL_CONSORTIUM)80845
24510. ‡aHow to write a business plan / ‡cMike P. McKeever.
250 . ‡aThirteenth edition.
264 1. ‡aBerkeley, CA : ‡bNolo, ‡c2017.
264 4. ‡c©2017
300 . ‡a331 pages ; ‡c23 cm
336 . ‡atext ‡btxt ‡2rdacontent
337 . ‡aunmediated ‡bn ‡2rdamedia
338 . ‡avolume ‡bnc ‡2rdacarrier
500 . ‡aIncludes index.
504 . ‡aIncludes bibliographical references and index.
5050 . ‡aWhy and how to write a business plan -- Do you really want to own a business? -- Choosing the right business -- Potential sources of money to start or expand your small business -- Your résumé and financial statement -- Your profit and loss forecast -- Your cash flow forecast and capital spending plan -- Write your marketing and personnel plans -- Editing and finalizing your business plan -- Selling your business plan -- After you open -- keeping on the path to success -- Good resources for small businesses -- Business plans for nonprofits.
520 . ‡a"You need a sound business plan to start a business or raise money to expand an existing one. For over 30 years, how to Write a Business Plan has helped fledging entrepreneurs -- from small service businesses and retailers to large manufacturing firms -- write winning plans and get needed financing. This bestselling book contains clear step-by-step instructions and forms to put together a convincing business plan with realistic financial projections, effective marketing strategies, and overall business goals,"--page [4] of cover.
520 . ‡aMcKeever presents the detailed forms and step-by-step instructions needed to prepare a well-thought-out, well-organized business plan.
650 0. ‡aBusiness planning. ‡0(LARL_NWRL_CONSORTIUM)17817
650 0. ‡aNew business enterprises ‡xPlanning. ‡0(LARL_NWRL_CONSORTIUM)166416
650 0. ‡aNew business enterprises ‡xFinance. ‡0(LARL_NWRL_CONSORTIUM)26720
650 0. ‡aSmall business ‡xPlanning.
650 0. ‡aSmall business ‡xFinance. ‡0(LARL_NWRL_CONSORTIUM)31172
650 7. ‡aBusiness planning. ‡2fast ‡0(LARL_NWRL_CONSORTIUM)17817
650 7. ‡aNew business enterprises ‡xFinance. ‡2fast ‡0(LARL_NWRL_CONSORTIUM)26720
650 7. ‡aNew business enterprises ‡xPlanning. ‡2fast ‡0(LARL_NWRL_CONSORTIUM)166416
650 7. ‡aSmall business ‡xFinance. ‡2fast ‡0(LARL_NWRL_CONSORTIUM)31172
650 7. ‡aSmall business ‡xPlanning. ‡2fast
650 7. ‡aSmall business ‡xPlanning.
650 7. ‡aBusiness planning. ‡0(LARL_NWRL_CONSORTIUM)17817
650 4. ‡aNew business enterprises ‡xPlanning. ‡0(LARL_NWRL_CONSORTIUM)166416
650 4. ‡aNew business enterprises ‡xFinance. ‡0(LARL_NWRL_CONSORTIUM)26720
650 4. ‡aSmall business ‡xPlanning.
650 7. ‡aSmall business ‡xFinance. ‡0(LARL_NWRL_CONSORTIUM)31172
77608. ‡iOnline version: ‡aMcKeever, Mike P., author. ‡tHow to write a business plan ‡bThirteenth edition. ‡dBerkeley, CA : Nolo, [2016] ‡z9781413323207 ‡w(DLC) 2016038330
905 . ‡uvanderl
901 . ‡a222217 ‡b ‡c222217 ‡tbiblio ‡soclc

Additional Resources